|
|
|
|
| LEADER |
00884nam a22002532i 4500 |
| 001 |
001552385 |
| 003 |
CZ BrMZK |
| 005 |
20161213125344.0 |
| 007 |
ta |
| 008 |
161114s1976 gw er|||||||||||ger d |
| 040 |
|
|
|a BOA001
|b cze
|e rda
|
| 100 |
1 |
|
|a Geiger, Hans Joachim
|4 dis
|
| 245 |
1 |
0 |
|a Narkosevorbereitung mit Glykosiden :
|b Plasmadigoxinkonzentrationen nach präoperativer Digitalisierung /
|c Hans Joachim Geiger
|
| 264 |
|
1 |
|a Berlin :
|b Hans Joachim Geiger,
|c 1976
|
| 300 |
|
|
|a 61 stran
|
| 336 |
|
|
|a text
|b txt
|2 rdacontent
|
| 337 |
|
|
|a bez média
|b n
|2 rdamedia
|
| 338 |
|
|
|a svazek
|b nc
|2 rdacarrier
|
| 502 |
|
|
|a Disertace--Freie Universität Berlin, 1976
|
| 710 |
2 |
|
|a Freie Universität Berlin
|7 kn20010710196
|4 isb
|
| 910 |
|
|
|a BOA001
|b X-0794.137
|
| 990 |
|
|
|a BK
|
| 991 |
|
|
|b 201611
|
| 996 |
7 |
|
|b 2619181626
|c X-0794.137
|l MZK
|r Sklad / do 24 hodin
|n 0
|w 001587770
|u 000010
|a 1
|e BOA001
|j MZK50
|s A
|